[Event "Stopkin Memorial 1st"]
[Site "Nikolaev"]
[Date "2009.11.27"]
[Round "8"]
[White "Vartapetyan, Armen"]
[Black "Gubanov, Oleg"]
[Result "1-0"]
[WhiteElo "2117"]
[BlackElo "2376"]
[PlyCount "89"]
[EventDate "2009.11.22"]
[EventType "swiss"]
[EventRounds "9"]
[EventCountry "UKR"]
[SourceTitle "EXT 2023"]
[Source "ChessBase"]
[SourceDate "2022.10.05"]
[SourceVersion "1"]
[SourceVersionDate "2022.10.05"]
[SourceQuality "1"]

1. c4 e5 2. Nc3 Nf6 3. g3 d5 4. cxd5 Nxd5 5. Bg2 Nb6 6. Nf3 Nc6 7. 0-0 Be7 8. d3 0-0 9. Bd2 Be6 10. Ne4 f6 11. Qc2 Bd5 12. e3 Qd7 13. Rfd1 Bxe4 14. dxe4 Qe6 15. Be1 Rfd8 16. Rxd8+ Rxd8 17. Bf1 Kh8 18. a3 Bd6 19. b4 Ne7 20. h4 Qd7 21. Nd2 Nec8 22. Nb3 Be7 23. Na5 c6 24. Be2 Nd6 25. Kg2 a6 26. a4 Qc8 27. Nb3 Na8 28. Nc5 Nc7 29. Rc1 Ne6 30. Bg4 f5 31. exf5 Nxc5 32. bxc5 Ne8 33. Ba5 Rd5 34. Bb6 Nf6 35. Bf3 Rd7 36. Ba5 Qe8 37. e4 Bd8 38. Bd2 Bc7 39. Be3 Qd8 40. g4 Ng8 41. g5 h6 42. Rd1 Kh7 43. Rxd7 Qxd7 44. Qb3 Bd8 45. Bh5 1-0

[Event "Stopkin Memorial 1st"]
[Site "Nikolaev"]
[Date "2009.11.26"]
[Round "7"]
[White "Vartapetyan, Armen"]
[Black "Demidenko, Stanislav"]
[Result "1-0"]
[WhiteElo "2117"]
[BlackElo "2205"]
[PlyCount "133"]
[EventDate "2009.11.22"]
[EventType "swiss"]
[EventRounds "9"]
[EventCountry "UKR"]
[SourceTitle "EXT 2023"]
[Source "ChessBase"]
[SourceDate "2022.10.05"]
[SourceVersion "1"]
[SourceVersionDate "2022.10.05"]
[SourceQuality "1"]

1. c4 e5 2. Nc3 Nf6 3. g3 Nc6 4. Bg2 Be7 5. Nf3 0-0 6. 0-0 d6 7. d4 Bg4 8. dxe5 dxe5 9. Nd5 h6 10. h3 Be6 11. Ne1 Qd7 12. Nxf6+ Bxf6 13. Qxd7 Bxd7 14. Be3 Nd4 15. Bxd4 exd4 16. Nd3 Rab8 17. Nc5 Bc8 18. Rad1 Rd8 19. b3 b6 20. Ne4 Be7 21. g4 f5 22. gxf5 Bxf5 23. Ng3 Be6 24. Rd3 c5 25. e3 Bh4 26. exd4 Rxd4 27. Re3 Bd7 28. Bd5+ Kh8 29. Kg2 Rd2 30. Re2 Rxe2 31. Nxe2 Re8 32. Ng3 Bxg3 33. Kxg3 Re2 34. Rd1 Bf5 35. Ra1 g5 36. a3 a5 37. f3 Kg7 38. a4 Re3 39. h4 Rxb3 40. hxg5 hxg5 41. Re1 Kf6 42. Re8 Bd7 43. Rf8+ Ke7 44. Rg8 Bxa4 45. Rxg5 Bd7 46. Kf4 a4 47. Ke5 Re3+ 48. Be4 a3 49. Rg7+ Ke8 50. Rg8+ Kf7 51. Ra8 Ke7 52. Ra7 Rc3 53. Bf5 Rxf3 54. Rxd7+ Ke8 55. Ra7 Rc3 56. Ke6 Re3+ 57. Kd6 Rc3 58. Be6 Kf8 59. Rf7+ Ke8 60. Rg7 Rf3 61. Rb7 Kf8 62. Rxb6 a2 63. Ra6 Rf2 64. Ra8+ Kg7 65. Kxc5 Kf6 66. Kd6 Rd2+ 67. Bd5 1-0

[Event "UKR ol"]
[Site "Alushta"]
[Date "1999.??.??"]
[Round "?"]
[White "Vartapetyan, Armen"]
[Black "Malakhatko, Vadim"]
[Result "1/2-1/2"]
[WhiteElo "2334"]
[BlackElo "2496"]
[PlyCount "51"]
[EventDate "1999.05.12"]
[EventType "team"]
[EventRounds "11"]
[EventCountry "UKR"]
[SourceTitle "EXT 2001"]
[Source "ChessBase"]
[SourceDate "2000.11.22"]
[SourceVersion "1"]
[SourceVersionDate "2000.11.22"]
[SourceQuality "1"]

1. e4 c5 2. Nf3 e6 3. d4 cxd4 4. Nxd4 Nf6 5. Nc3 Nc6 6. Ndb5 d6 7. Bf4 e5 8. Bg5 a6 9. Na3 b5 10. Nd5 Be7 11. Bxf6 Bxf6 12. c3 0-0 13. Nc2 Bg5 14. Be2 Rb8 15. 0-0 a5 16. b4 axb4 17. cxb4 Be6 18. a4 bxa4 19. Rxa4 Bxd5 20. exd5 Ne7 21. b5 Qb6 22. Nb4 Ra8 23. Nc6 Rxa4 24. Nxe7+ Bxe7 25. Qxa4 Qc5 26. Qc4 1/2-1/2

[Event "UKR ol"]
[Site "Alushta"]
[Date "1999.??.??"]
[Round "?"]
[White "Vartapetyan, Armen"]
[Black "Sumets, Andrey"]
[Result "0-1"]
[WhiteElo "2334"]
[BlackElo "2434"]
[PlyCount "66"]
[EventDate "1999.05.12"]
[EventType "team"]
[EventRounds "11"]
[EventCountry "UKR"]
[SourceTitle "EXT 2001"]
[Source "ChessBase"]
[SourceDate "2000.11.22"]
[SourceVersion "1"]
[SourceVersionDate "2000.11.22"]
[SourceQuality "1"]

1. e4 c5 2. Nc3 Nc6 3. f4 e6 4. Nf3 d5 5. Bb5 Nf6 6. Bxc6+ bxc6 7. d3 c4 8. e5 Nd7 9. dxc4 Ba6 10. cxd5 cxd5 11. Be3 Rb8 12. Rb1 Bb4 13. Bd4 0-0 14. a3 Bxc3+ 15. Bxc3 f6 16. exf6 Nxf6 17. Be5 Rc8 18. Nd4 Qb6 19. g3 Nd7 20. Qd2 Nxe5 21. fxe5 Rf7 22. Qb4 Qc7 23. Qd6 Qc4 24. Qb4 Qc7 25. Qd6 Qxd6 26. exd6 e5 27. Ne6 Rxc2 28. Nc7 Be2 29. Nxd5 Bf3 30. Ne7+ Kf8 31. Rf1 Re2+ 32. Kd1 Rf2+ 33. Ke1 Rxf1+ 0-1

[Event "Nikolaev zt"]
[Site "Nikolaev"]
[Date "1995.??.??"]
[Round "10"]
[White "Vartapetyan, Armen"]
[Black "Golubev, Mikhail"]
[Result "1/2-1/2"]
[WhiteElo "2375"]
[BlackElo "2570"]
[PlyCount "105"]
[EventDate "1995.03.??"]
[EventType "swiss"]
[EventRounds "11"]
[EventCountry "UKR"]
[SourceTitle "CBM 047"]
[Source "ChessBase"]
[SourceDate "1995.08.01"]
[SourceVersion "1"]
[SourceVersionDate "1995.08.01"]
[SourceQuality "1"]

1. e4 c5 2. Nf3 d6 3. Bb5+ Bd7 4. Bxd7+ Nxd7 5. d4 cxd4 6. Qxd4 Ngf6 7. Nc3 g6 8. Bg5 Bg7 9. 0-0 0-0 10. Qd2 Re8 11. Bh6 Bh8 12. Rfe1 Rc8 13. h3 Qa5 14. Nd4 Ne5 15. Qe2 Nc4 16. Nb3 Qb6 17. Nd1 d5 18. exd5 Nxd5 19. c3 a5 20. Rb1 a4 21. Nd2 Nxd2 22. Qxd2 Red8 23. Qc2 Qb5 24. a3 Qb3 25. Qxb3 axb3 26. Ne3 Nxe3 27. Rxe3 Bf6 28. Re4 Rc5 29. Rb4 b5 30. Be3 Rcd5 31. g3 e5 32. Kg2 Be7 33. Rxb3 f5 34. Rc1 Rc8 35. h4 Rc4 36. Re1 Kg7 37. Bg5 Bd6 38. Rh1 f4 39. h5 gxh5 40. gxf4 exf4 41. Bh4 Re4 42. Kf3 Re8 43. c4 bxc4 44. Rc3 Rd2 45. b3 Be5 46. Rxc4 Rd3+ 47. Ke4 Rxb3 48. Ra4 Bd6+ 49. Kd5 Rxa3 50. Rxa3 Bxa3 51. Bg5 f3 52. Be3 Kg6 53. Rh3 1/2-1/2

[Event "Nikolaev zt"]
[Site "Nikolaev"]
[Date "1995.??.??"]
[Round "7"]
[White "Zulfugarli, Magomed"]
[Black "Vartapetyan, Armen"]
[Result "1-0"]
[WhiteElo "2400"]
[BlackElo "2375"]
[PlyCount "63"]
[EventDate "1995.03.??"]
[EventType "swiss"]
[EventRounds "11"]
[EventCountry "UKR"]
[SourceTitle "CBM 047"]
[Source "ChessBase"]
[SourceDate "1995.08.01"]
[SourceVersion "1"]
[SourceVersionDate "1995.08.01"]
[SourceQuality "1"]

1. e4 e6 2. d4 d5 3. Nc3 Nf6 4. e5 Nfd7 5. f4 c5 6. Nf3 Nc6 7. Be3 cxd4 8. Nxd4 Bc5 9. Qd2 Bxd4 10. Bxd4 Nxd4 11. Qxd4 Qb6 12. 0-0-0 Qxd4 13. Rxd4 Ke7 14. Bd3 Nb8 15. f5 Nc6 16. Rg4 Nxe5 17. Rxg7 d4 18. Nb5 Nxd3+ 19. cxd3 e5 20. Nc7 Rb8 21. Rf1 Kf6 22. Rg3 Rd8 23. Rh3 e4 24. dxe4 Ke5 25. Rxh7 Kxe4 26. Rxf7 Rd7 27. Rxd7 Bxd7 28. Ne6 Rc8+ 29. Kd2 d3 30. Re1+ Kxf5 31. Nd4+ Kg4 32. Kxd3 1-0